[Event "Moscow Smyslov-C"]
[Site "Moscow"]
[Date "2025.06.03"]
[Round "2"]
[White "Shilyaev, Makariy"]
[Black "Saifulov, Gleb"]
[Result "1-0"]
[WhiteElo "1796"]
[BlackElo "1705"]
[PlyCount "157"]
[EventDate "2025.06.02"]
[EventType "swiss"]
[EventRounds "8"]
[EventCountry "RUS"]
[SourceTitle "CB29_2025"]
[SourceDate "2025.07.16"]
[SourceVersion "1"]
[SourceVersionDate "2025.07.16"]
[SourceQuality "1"]

1. e4 e5 2. Nf3 Nc6 3. Bb5 a6 4. Ba4 Bc5 5. c3 Nge7 6. d4 exd4 7. cxd4 Bb4+ 8. Bd2 Bxd2+ 9. Qxd2 d5 10. exd5 Qxd5 11. Nc3 Qd6 12. 0-0 0-0 13. h3 Rd8 14. Rad1 Qg6 15. Bc2 Qh5 16. Qf4 Ng6 17. Qg3 Nce7 18. Rfe1 c6 19. Bb3 Nf5 20. Qc7 Be6 21. Bxe6 fxe6 22. Rxe6 Rac8 23. Qh2 Ngh4 24. Nxh4 Qxh4 25. Re4 Qf6 26. Qf4 Re8 27. Re5 Nd6 28. Qe3 Kf7 29. Ne4 Nxe4 30. Qxe4 Qg6 31. Qf3+ Kg8 32. Qb3+ Qf7 33. Qxf7+ Kxf7 34. Rde1 Rxe5 35. dxe5 Rd8 36. Re2 Ke6 37. f4 Rd4 38. g3 g6 39. Kf2 Rd3 40. b3 c5 41. Re3 Rd2+ 42. Kf3 Rxa2 43. Rd3 Ra3 44. Kg4 b5 45. Kg5 c4 46. Rd6+ Ke7 47. bxc4 Rxg3+ 48. Kh4 Rb3 49. cxb5 axb5 50. Rb6 Kf7 51. Rb7+ Ke6 52. Rxh7 Rf3 53. Kg4 Rf1 54. Rb7 Rg1+ 55. Kh4 Rf1 56. Kg5 Rg1+ 57. Kh6 Rf1 58. Rb6+ Ke7 59. Kg5 Rg1+ 60. Kh4 Rf1 61. Kg3 Rb1 62. Kf3 Kf7 63. Ke4 Rb4+ 64. Kf3 Rb1 65. Kg4 Rg1+ 66. Kh4 Rf1 67. Kg5 Rg1+ 68. Kh6 Rg3 69. Rf6+ Ke7 70. h4 Rg4 71. h5 gxh5 72. Kxh5 Rg1 73. Rb6 Rb1 74. Kg5 b4 75. Kf5 b3 76. Rb7+ Kd8 77. Ke6 b2 78. f5 Kc8 79. Rb4 1-0